[Event "RUS IPCA-ch"]
[Site "Nalchik"]
[Date "2016.04.30"]
[Round "1"]
[White "Zasukhin, Aleksander"]
[Black "Lipatkov, Eduard"]
[Result "1-0"]
[WhiteElo "2283"]
[BlackElo "1892"]
[PlyCount "51"]
[EventDate "2016.04.30"]
[EventType "swiss"]
[EventRounds "9"]
[EventCountry "RUS"]
[SourceTitle "CBM 172 Extra"]
[Source "ChessBase"]
[SourceDate "2016.06.21"]
[SourceVersion "1"]
[SourceVersionDate "2016.06.21"]
[SourceQuality "1"]

1. e4 c5 2. Nf3 Nc6 3. Bb5 g6 4. Bxc6 dxc6 5. d3 Bg7 6. h3 Nf6 7. 0-0 0-0 8. Be3 Qb6 9. Nbd2 Qxb2 10. Nc4 Qb5 11. a4 Qa6 12. e5 Nd7 13. Qd2 Rd8 14. a5 b5 15. axb6 Qb7 16. Qa5 a6 17. Rfb1 Rb8 18. Ra2 Nf8 19. Qa4 Ne6 20. Na5 Qd7 21. Nxc6 Bb7 22. Nxb8 Qxa4 23. Rxa4 Rxb8 24. Nd2 Bxe5 25. Nc4 Bd4 26. Na5 1-0